Famous Generals of History - Statistics

General Stats
  • This quiz has been taken 728 times
    561 since last reset
  • The average score is 24 of 40
Answer Stats
Hint Answer % Correct
Conqueror of Persia, died early Alexander the Great
92%
French general/emperor who revolutionized warfare Napoleon Bonaparte
87%
African great fond of war elephants Hannibal
85%
Creator of the vast Mongol empire Genghis Khan
84%
"Desert Fox" who led the Afrika Korps Erwin Rommel
80%
Overall US leader in Europe, commanded D-Day Dwight D. Eisenhower
79%
Surrounded Alesia, had campaigns in Gaul Julius Caesar
78%
The Maid of Orleans, burnt at the stake Joan of Arc
76%
British general and duke, defeated France at Waterloo Duke of Wellington
74%
Commander of the Army of Northern Virginia Robert E. Lee
71%
"Old Blood and Guts" of the Americans in Sicily and France George Patton
69%
Defeated the Aztec Empire around 1521 Hernan Cortes
69%
Leader of the Free French, later president Charles De Gaulle
68%
American admiral who, in 1944, returned to the Philippines Douglas MacArthur
68%
Commander-in-chief of the Continental Army George Washington
68%
Liberated many South American nations from Spain Simon Bolivar
68%
Launched the bloody Overland Campaign, took Vicksburg Ulysees S. Grant
68%
His invasion of Greece ended at Salamis Xerxes I
64%
Raided the Roman Empire from Central Asia Attila the Hun
63%
Commander of the British 8th Army in N. Africa Bernard Montgomery
63%
Russian general who captured Berlin in 1945 Giorgi Zhukov
63%
Nemesis of the Crusaders, Sultan of Egypt Saladin
63%
Famous Briton who lived with rebel Arabs in the Hejaz T.E. Lawrence
61%
Egyptian pharaoh, victor at Kadesh Ramesses II
59%
Betrayed the American cause Benedict Arnold
58%
Brave English king/crusader Richard the Lionheart
58%
Seized Atlanta, made the March to the Sea in Georgia William T. Sherman
57%
"Old Ironsides" of the English Civil War Oliver Cromwell
56%
Transformed Prussia into a major nation-state Frederick II
54%
Defeated the above at Zama Scipio Africanus
54%
Founder of the Persian Empire Cyrus the Great
53%
Defeated the French at Agincourt Henry V
51%
Japanese mastermind of the Pearl Harbor attack Isoroku Yamamoto
51%
Stood firm at First Bull Run, later lost his arm and died "Stonewall" Jackson
49%
Leader of the Red Shirts during Italy's unification Giuseppe Garibaldi
43%
"Black Jack" who was the US commander in France John Pershing
36%
Swedish king of the Thirty Year's War Gustavus Adolphus
31%
Captured Mexico City with the Veracruz Campaign Winfield Scott
15%
Samurai who united all of Japan Toyotomi Hideyoshi
13%
American commander who took Iraq "by storm" in 1991 Norman Schwartzkopf
12%
No matching quizzes found
Score Distribution
Percent of People with Each Score
Percentile by Number Answered
Your Score History
You have not taken this quiz since the last reset